000 00367nam a2200157Ia 4500
003 LK-CoDNM
008 010623t2002 xxu||||| |||| 00| 1 eng d
040 _aLK-CoDNM
_dLK-CoDNM
_eLK-CoDNM
041 _aeng
080 _a330.143
100 _aBalaratnam,S
245 _aValue Added Tax In Sri Lanka
260 _b
_c2002
300 _b525p.;22 cm cm
942 _cBK
999 _c121843
_d121843